000 00633nam a2200241Ia 4500
003 OSt
005 20220918185157.0
006 a|||||r|||| 00| 0
007 ta
008 220917b |||||||| |||| 00| 0 eng d
024 _a49,993
037 _cTextual
040 _aARTS
_cARTS
_beng
041 _2eng
_aeng
082 _aP:R1, J6 (GE)-;1
100 _aHarris Robert T
_968126
245 0 _aLanguage and informal logic
260 _c1956
650 _aLINGUISTICS
700 _a Jarrett James L
_968127
942 _hP:R1, J6 (GE)-;1
_cTEXL
_2CC
999 _c179592
_d179592